Score 0/27 Timer 06:00
0 Plays Today
Hint Answer % Correct
Wrigley Field
(1916-pres.)
Cubs (MLB 1916-pres.)
94.9%
Madison Square Garden
(1925-1968)
Knicks (NBA 1946-1968)
93.6%
Wrigley Field
(1916-pres.)
Bears (NFL 1921-1970)
92%
Staples Center
(1999-pres.)
Lakers (NBA 1999-pres.)
90.2%
Astrodome
(1965-1998)
Astros (MLB 1965-1999)
89.7%
Shibe Park
(1909-1970)
Athletics (MLB 1909-1954)
88.8%
Madison Square Garden
(1925-1968)
Rangers (NHL 1926-1968)
87%
Staples Center
(1999-pres.)
Clippers (NBA 1999-pres.)
85.6%
Staples Center
(1999-pres.)
Kings (NHL 1999-pres.)
85.2%
Baltimore Memorial Stadium
(1950-1997)
Orioles (MLB 1954-1991)
84.6%
Chicago Stadium
(1929-1994)
Bulls (NBA 1969-1994)
82.4%
Chicago Stadium
(1929-1994)
Blackhawks (NHL 1929-1994)
79.4%
Astrodome
(1965-1998)
Oilers (NFL 1968-1996)
76.9%
Baltimore Memorial Stadium
(1950-1997)
Ravens (NFL 1996-1997)
74.9%
Hint Answer % Correct
Kingdome
(1976-2000)
Mariners (MLB 1977-1999)
69.6%
Kingdome
(1976-2000)
Seahawks (NFL 1976-1999)
68.8%
Baltimore Memorial Stadium
(1950-1997)
Colts (NFL 1953-1983)
67.5%
Astrodome
(1965-1998)
Rockets (NBA 1971-1975)
62.1%
Kingdome
(1976-2000)
SuperSonics (NBA 1978-1985)
59.9%
Shibe Park
(1909-1970)
Phillies (MLB 1938-1970)
47.4%
Shibe Park
(1909-1970)
Eagles (NFL 1940, 1942-1957)
46.5%
McNichols Sports Arena
(1975-1999)
Nuggets (NBA 1975-1999)
40%
McNichols Sports Arena
(1975-1999)
Avalanche (NHL 1995-1999)
37.5%
Wrigley Field
(1916-pres.)
Cardinals (NFL 1931-1939)
36.2%
McNichols Sports Arena
(1975-1999)
Rockies (NHL 1976-1982)
29.5%
Madison Square Garden
(1925-1968)
Americans (NHL 1925-1942)
9.4%
Chicago Stadium
(1929-1994)
Stags (NBA 1946-1950)
7.3%
Remove Ads.
Support Sporcle.
Get the best of Sporcle when you Go Orange. This ad-free experience offers more features, more stats, and more fun while also helping to support Sporcle. Thank you for becoming a member.

You're not logged in!

Compare scores with friends on all Sporcle quizzes.
OR
Log In

Show Comments

Extras

Top Quizzes Today


Score Distribution

Your Account Isn't Verified!

In order to create a playlist on Sporcle, you need to verify the email address you used during registration. Go to your Sporcle Settings to finish the process.

Report this User

Report this user for behavior that violates our Community Guidelines.

Details: